Las pirámides de Totimehuacán : excavaciones, 1964-1965 /

Guardado en:
Detalles Bibliográficos
Autor principal: Spranz, Bodo (autor)
Formato: Libro
Idioma:Español
Colección:(Instituto Poblano de Antropología e Historia ; 1)
Temas:
Etiquetas: Agrega una etiqueta
Sin etiquetas, Sé el primero en etiquetar este registro!

MARC

LEADER 00000nam^a2200000^a^4500
001 000126963
005 20250521000000.0
009 20260310094744.304
037 |a Acervo ITESO - Biblioteca 
041 |a ESP 
082 |a 972. 4801  |b SPR 
100 |a Spranz, Bodo  |e (autor) 
245 1 4 |a Las pirámides de Totimehuacán :  |b excavaciones, 1964-1965 /  |c B. Spranz. 
264 |a Puebla, México :  |b Instituto Poblano de Antropología e Historia,  |c 1966 
300 |a 32 p. 
336 |a texto  |b txt  |2 rdacontenido 
337 |a sin mediación  |b n  |2 rdamedio 
338 |a volumen  |b nc  |2 rdasoporte 
440 1 |a (Instituto Poblano de Antropología e Historia ;  |v 1) 
649 |a XX 
650 |a Pirámides -  |z Totimehuacán, Puebla 
650 |a Pirámides -  |z México 
650 |a Arquitectura Prehispánica 
650 |a Cerámica Prehispánica 
650 |a Excavaciones (Arqueología) 
650 |a Arqueología -  |z Totimehuacán, Puebla 
650 |a Arqueología -  |z Puebla 
650 |a Arqueología -  |z México 
650 |a Totimehuacán, Puebla -  |x Historia -  |y Epoca Prehispánica 
650 |a Totimehuacán, Puebla -  |x Descripción 
650 |a Puebla -  |x Historia -  |y Epoca Prehispánica 
650 |a Puebla -  |x Descripción 
650 |a México -  |x Historia -  |y Epoca Prehispánica 
650 |a México -  |x Descripción 
910 |a Fondo Salvador Reynoso Reynoso 
920 |a Impresos - Libros 
930 |a Fondos Especiales 
905 |a 112 
901 |a 0800008894  |b IT2  |c ESP  |u 20250521 
901 |a 0800008886  |b IT2  |c ESP  |u 20250521 
902 |a https://opac.biblio.iteso.mx/vufind/Record/000126963